Bài tập kỹ thuật điện cao áp
DT Kỹ thuật cao áp
Shranjeno v:
| Glavni avtor: | |
|---|---|
| Format: | Knjiga |
| Jezik: | Undetermined |
| Izdano: |
TP.HCM
Đại học Quốc gia TP.HCM
2003
|
| Teme: | |
| Online dostop: | http://lrc.tdmu.edu.vn/opac/search/detail.asp?aID=2&ID=3712 |
| Oznake: |
Označite
Brez oznak, prvi označite!
|
| Thư viện lưu trữ: | Trung tâm Học liệu Trường Đại học Thủ Dầu Một |
|---|
| LEADER | 00687nam a2200205Ia 4500 | ||
|---|---|---|---|
| 001 | TDMU_3712 | ||
| 008 | 210410s9999 xx 000 0 und d | ||
| 082 | |a 621.3028 | ||
| 090 | |b H6501 | ||
| 100 | |a Hồ, Văn Nhật Chương | ||
| 245 | 0 | |a Bài tập kỹ thuật điện cao áp | |
| 245 | 0 | |c Hồ Văn Nhật Chương | |
| 260 | |a TP.HCM | ||
| 260 | |b Đại học Quốc gia TP.HCM | ||
| 260 | |c 2003 | ||
| 300 | |a 274tr. | ||
| 520 | |a DT Kỹ thuật cao áp | ||
| 650 | |a Điện cao áp |v Bài tập | ||
| 856 | |u http://lrc.tdmu.edu.vn/opac/search/detail.asp?aID=2&ID=3712 | ||
| 980 | |a Trung tâm Học liệu Trường Đại học Thủ Dầu Một | ||